|
|
|
|
| LEADER |
00000nab a2200000 a 4500 |
| 001 |
vtls008854709 |
| 003 |
SK-MaSNL |
| 005 |
20260304134429.0 |
| 008 |
250505c2006 xo |||||||||||000 b|slo |
| 015 |
|
|
|a SNBRB2006/10
|2 snkbucl
|
| 035 |
|
|
|a (uuid)929491f2-920f-465b-ad7b-074db5655867
|
| 035 |
|
|
|a urn:nbn:sk:snk-abxyi
|
| 035 |
|
|
|a (urnnbn)urn:nbn:sk:snk:ar-a04fud
|
| 038 |
|
|
|a SNKBUCL
|
| 040 |
|
|
|a SNKBUCL
|b slo
|c SNKBUCL
|e AACR2
|
| 041 |
0 |
|
|a slo
|
| 044 |
|
|
|a xo
|c SK
|
| 080 |
|
|
|a 633.85"324"
|2 1997
|
| 080 |
|
|
|a 632.03
|2 1997
|
| 080 |
|
|
|a 631.526.3
|2 1997
|
| 100 |
1 |
|
|a Zubal, Pavel
|4 aut
|9 5384
|
| 245 |
1 |
0 |
|a Prezimovanie odrôd repky - výsledky poloprevádzkových pokusov
|c Pavel Zubal, Marek Jambor, Lenka Sochorcová
|
| 300 |
|
|
|b Obr., tab.
|
| 650 |
0 |
7 |
|a ozimná repka olejka
|2 snkbucl
|9 872932
|
| 650 |
0 |
7 |
|a prezimovanie
|2 snkbucl
|9 1028575
|
| 650 |
0 |
7 |
|a odrody poľnohospodárskych plodín
|2 snkbucl
|9 29318
|
| 650 |
0 |
7 |
|a poľné pokusy
|2 snkbucl
|9 334094
|
| 700 |
1 |
|
|a Jambor, Marek
|4 aut
|9 22897
|
| 700 |
1 |
|
|a Sochorcová, Lenka
|4 aut
|9 73625
|
| 773 |
0 |
|
|t Naše pole
|g Roč. X, č. 7 (2006), s. 46-47
|x 1335-2466
|
| 850 |
|
|
|a Slovenská národná knižnica
|
| 852 |
|
|
|a Slovenská národná knižnica
|
| 954 |
|
|
|a odborná, vedecká literatúra pôvodná (slovenská)
|2 lita
|
| 958 |
|
|
|a article27
|
| 958 |
|
|
|a OND
|
| 958 |
|
|
|a EUIPO
|
| 999 |
|
|
|c 2906815
|d 2908745
|